00887nam a2200181 a 450000100100000000500170001000800410002704000250006810000340009324500970012726001730022430000210039750000590041850400730047750000330055095201050058399900170068800003977420201002033727.0130719s1964 ve 001 0 spa d aDO-SdBNPbspacBNPHU1 aRosas Marcano, Jesús96596913aLa independencia de Venezuela y los periodicos de Paris 1808 -1825 /cJesús Rosas Marcano. aVenezuela :bPublicación del Consejo de Desarrollo Científico y Humanístico y del Instituto de Investigaciones de Prensa, Universidad Central de Venezuela,c1964. a489 p. ;c24 cm. aTexto completo de las noticias estudiadas": p. 93-465. aIncluye referencias bibliográficas y notas al pie de las páginas aBibliografía: p. 475-[478] 001050718MOaGRbGRcCTd2013-07-19iLF1l0o p39774-10r2020-06-25w2020-06-25y1ZNo se presta c39264d39264